| Tag |
First Indicator |
Second Indicator |
Subfields |
| LEADER |
00000cam a2200000Ia 4500 |
| 001 |
in00002787581 |
| 006 |
m o d |
| 007 |
cr cnu---unuuu |
| 008 |
121204s2012 nju ob 001 0 eng d |
| 005 |
20250816223303.3 |
| 020 |
|
|
|a 9781400844845 (electronic bk.)
|
| 020 |
|
|
|a 1400844843 (electronic bk.)
|
| 035 |
|
|
|a (OCoLC)ocn814313172
|
| 035 |
|
|
|a (OCoLC)814313172
|
| 040 |
|
|
|a N$T
|c N$T
|d E7B
|d YDXCP
|d CDX
|d OCLCQ
|d MHW
|d TXA
|d UtOrBLW
|
| 041 |
1 |
|
|a eng
|h chi
|
| 043 |
|
|
|a a-cc---
|
| 049 |
|
|
|a TXAM
|
| 050 |
|
4 |
|a JQ1510
|b .J528 2012eb
|
| 072 |
|
7 |
|a POL
|x 016000
|2 bisacsh
|
| 082 |
0 |
4 |
|a 320.951
|2 23
|
| 100 |
1 |
|
|a Jiang, Qing,
|d 1953-
|
| 245 |
1 |
2 |
|a A Confucian constitutional order :
|b how China's ancient past can shape its political future /
|c Jiang Qing ; edited by Daniel A. Bell and Ruiping Fan ; translated by Edmund Ryden.
|
| 264 |
|
1 |
|a Princeton, N.J. :
|b Princeton University Press,
|c 2012.
|
| 300 |
|
|
|a 1 online resource.
|
| 336 |
|
|
|a text
|b txt
|2 rdacontent
|
| 337 |
|
|
|a computer
|b c
|2 rdamedia
|
| 338 |
|
|
|a online resource
|b cr
|2 rdacarrier
|
| 490 |
1 |
|
|a The Princeton-China series
|
| 500 |
|
|
|a Title from PDF title page (viewed on Oct. 24, 2012).
|
| 500 |
|
|
|a English translation of materials from a workshop on Confucian constitutionalism in May 2010 at the City University of Hong Kong.
|
| 504 |
|
|
|a Includes bibliographical references and index.
|
| 505 |
0 |
|
|a Introduction / Daniel A. Bell -- Part I. A Confucian constitutional order: the way of the humane authority: the way ahead for China's political future: the theoretical basis for Confucian constitutionalism and a tri-cameral parliament / Jiang Qing; The supervisory system of Confucian constitutionalism / Jiang Qing; A Confucian constitutionalist state: the constitutional role and Contemporary significance of republicanism under a symbolic monarch / Jiang Qing -- Part II. Comments: On the legitimacy of Confucian constitution / Joseph Chan; An old mandate for a new state: on Jiang Qing's political confucianism / Bai Tondong; Transcendent heaven? a critique of Jiang Qing's grounding of the right to rule / Li Chenyang; Is the way of the humane authority a good thing? an assessment of Confucian constitutionalism / Wang Shaoguang -- Part III. Responses to commentators: responses to critics / Jiang Qing.
|
| 520 |
|
|
|a As China continues to transform itself, many assume that the nation will eventually move beyond communism and adopt a Western-style democracy. But could China develop a unique form of government based on its own distinct traditions? Jiang Qing--China's most original, provocative, and controversial Confucian political thinker--says yes. In this book, he sets out a vision for a Confucian constitutional order that offers a compelling alternative to both the status quo in China and to a Western-style liberal democracy. A Confucian Constitutional Order is the most detailed and systematic
|
| 500 |
|
|
|a Electronic resource.
|
| 651 |
|
0 |
|a China
|x Politics and government
|x Philosophy.
|
| 650 |
|
0 |
|a Confucianism and state
|z China.
|
| 600 |
1 |
0 |
|a Jiang, Qing,
|d 1953-
|x Political and social views.
|
| 650 |
|
7 |
|a POLITICAL SCIENCE / Political Process / General.
|2 bisacsh
|
| 655 |
|
7 |
|a Electronic books.
|2 local
|
| 700 |
1 |
|
|a Bell, Daniel
|q (Daniel A.),
|d 1964-
|
| 700 |
1 |
|
|a Fan, Ruiping.
|
| 700 |
1 |
|
|a Ryden, Edmund.
|
| 710 |
2 |
|
|a ebrary, Inc.
|
| 830 |
|
0 |
|a Princeton-China series.
|
| 856 |
4 |
0 |
|u https://ebookcentral.proquest.com/lib/tamucs/detail.action?docID=1035390
|y Connect to the full text of this electronic book
|t 0
|
| 948 |
|
|
|a cataloged
|b h
|c 2013/8/12
|d c
|e jlanham
|f 9:49:18 am
|
| 994 |
|
|
|a C0
|b TXA
|
| 999 |
f |
f |
|s 34955044-6149-385f-8046-dc612f2813d2
|i 8c1e87b2-e0a9-3761-bc97-37e30ef974ac
|t 0
|
| 999 |
|
|
|a MARS
|
| 952 |
f |
f |
|a Texas A&M University
|b College Station
|c Electronic Resources
|d Available Online
|t 0
|e JQ1510 .J528 2012eb
|h Library of Congress classification
|
| 998 |
f |
f |
|a JQ1510 .J528 2012eb
|t 0
|l Available Online
|